00482nam a2200181Ia 4500003000400000008004100004040001600045082001300061100002200074245007500096700002000171260003600191300001000227650001300237650001700250650001200267650002100279GCL140319s9999 xx 000 0 eng d aGCL / cGCL04a226bB N1 aBOHLIG, ALEXANDER10aNAG HAMMADI CODICES: THE GOSPLE OF THE EGYPTIANS / cBOHLIG, ALEXANDER1 aWISSE, FREDERIK a[S.N] : bE. J. BRILL ، c1975 a234 P04aRELIGION04aCHRISTIANITY04aGOSPLES04aSYNOPTIC GOSPLES